Online
Catalog

Matemáticas : (Record no. 37259)

MARC details
000 -CABECERA
campo de control de longitud fija 01033nam a2200289 i 4500
001 - NÚMERO DE CONTROL
campo de control 000037769
003 - IDENTIFICADOR DEL NÚMERO DE CONTROL
campo de control DO-SdBNP
005 - FECHA Y HORA DE LA ÚLTIMA TRANSACCIÓN
campo de control 20230725144144.0
007 - CAMPO FIJO DE DESCRIPCIÓN FÍSICA--INFORMACIÓN GENERAL
campo de control de longitud fija ta
008 - DATOS DE LONGITUD FIJA--INFORMACIÓN GENERAL
campo de control de longitud fija 130305s2000 dr r 000 0 spa d
020 ## - NÚMERO INTERNACIONAL ESTÁNDAR DEL LIBRO
Número Internacional Estándar del Libro 9993401471
040 ## - FUENTE DE LA CATALOGACIÓN
Centro catalogador/agencia de origen DO-SdBNP
Lengua de catalogación spa
Centro/agencia transcriptor BNPHU
Normas de descripción rda
082 #4 - NÚMERO DE LA CLASIFICACIÓN DECIMAL DEWEY
Número de clasificación 511
Número de documento/Ítem G934m
Número de edición 22
100 1# - ENTRADA PRINCIPAL--NOMBRE DE PERSONA
Nombre de persona Guerrero Sánchez, Luis Manuel,
Fechas asociadas al nombre 1939-
9 (RLIN) 64217
Término indicativo de función/relación autor
245 10 - MENCIÓN DE TÍTULO
Título Matemáticas :
Resto del título sus fundamentos en secuencia óptima /
Mención de responsabilidad, etc. Luis M. Guerrero Sánchez.
264 #1 - PRODUCCIÓN, PUBLICACIÓN, DISTRIBUCIÓN, FABRICACIÓN Y COPYRIGHT
Producción, publicación, distribución, fabricación y copyright Santo Domingo :
Nombre del de productor, editor, distribuidor, fabricante Corripio,
Fecha de producción, publicación, distribución, fabricación o copyright 2000.
300 ## - DESCRIPCIÓN FÍSICA
Extensión volumen ;
Dimensiones 25 cm.
336 ## - TIPO DE CONTENIDO
Fuente rdacontent
Término de tipo de contenido texto
Código de tipo de contenido txt
337 ## - TIPO DE MEDIO
Fuente rdamedia
Nombre/término del tipo de medio sin mediación
Código del tipo de medio n
338 ## - TIPO DE SOPORTE
Fuente rdacarrier
Nombre/término del tipo de soporte volumen
Código del tipo de soporte nc
500 ## - NOTA GENERAL
Nota general La biblioteca posee el v.1.
500 ## - NOTA GENERAL
Nota general En la portada: Nuevas ideas y conceptos para el aprendizaje más racional de las mátemáticas desde el principio y su comprensión para toda la vida.
590 ## - NOTA LOCAL (RLIN)
Nota local Inventariado, 2023/BT
650 #4 - PUNTO DE ACCESO ADICIONAL DE MATERIA--TÉRMINO DE MATERIA
Término de materia o nombre geográfico como elemento de entrada Matemática
9 (RLIN) 34579
910 ## - DATOS DE OPCIÓN DEL USUARIO (OCLC)
Datos de opción del usuario Validado. Control de la calidad. EMS
942 ## - ELEMENTOS DE PUNTO DE ACCESO ADICIONAL (KOHA)
Fuente del sistema de clasificación o colocación Dewey Decimal Classification
Tipo de ítem Koha Libro
Holdings
Estado de retiro Estado de pérdida Fuente del sistema de clasificación o colocación Restricciones de uso No para préstamo Código de colección Localización permanente Ubicación/localización actual Ubicación en estantería Fecha de adquisición Signatura topográfica completa Código de barras Fecha visto por última vez Número de copia Precio válido a partir de Tipo de ítem Koha Fuente de adquisición Total de préstamos Nota pública
    Dewey Decimal Classification Préstamo en sala   Dominicana de Servicio Biblioteca Nacional Pedro Henríquez Ureña Biblioteca Nacional Pedro Henríquez Ureña Depósito 27.03.2014 BNPHU DS 511 G934m 37769-30 25.06.2020 v.1, e.3 25.06.2020 Libro      
    Dewey Decimal Classification Excluido de préstamo   Patrimonio Dominicano Biblioteca Nacional Pedro Henríquez Ureña Biblioteca Nacional Pedro Henríquez Ureña Depósito 05.03.2013 BNPHU PD 511 G934m 37769-10 25.06.2020 v.1 25.06.2020 Libro      
    Dewey Decimal Classification Excluido de préstamo   Patrimonio Dominicano Biblioteca Nacional Pedro Henríquez Ureña Biblioteca Nacional Pedro Henríquez Ureña Depósito 05.03.2013 BNPHU PD 511 G934m 37769-20 25.06.2020 v.1, e.2 25.06.2020 Libro      
    Dewey Decimal Classification Préstamo en sala   Dominicana de Servicio Biblioteca Nacional Pedro Henríquez Ureña Biblioteca Nacional Pedro Henríquez Ureña Depósito 04.07.2023 BNPHU DS 511 G934m 37769-40 04.07.2023 v.1, e.4 04.07.2023 Libro Donación    
    Dewey Decimal Classification Préstamo en sala   Dominicana de Servicio Biblioteca Nacional Pedro Henríquez Ureña Biblioteca Nacional Pedro Henríquez Ureña Depósito 25.07.2023 BNPHU DS 511 G934m 37769-50 25.07.2023 v.1, e.5 25.07.2023 Libro Donación   Perteneció a la biblioteca personal de Bárbara Suncar.

Powered by Koha